Clinical nursing procedures: a basic textbook (Record no. 113676)
[ view plain ]
| 000 -LEADER | |
|---|---|
| fixed length control field | 00500nam a2200181 4500 |
| 008 - FIXED-LENGTH DATA ELEMENTS--GENERAL INFORMATION | |
| fixed length control field | 240531b |||||||| |||| 00| 0 eng d |
| 020 ## - INTERNATIONAL STANDARD BOOK NUMBER | |
| International Standard Book Number | 9789937710831 |
| 082 ## - DEWEY DECIMAL CLASSIFICATION NUMBER | |
| Classification number | 610.73/Sh23c |
| 100 ## - MAIN ENTRY--PERSONAL NAME | |
| Personal name | Sharma, Sharada |
| 245 ## - TITLE STATEMENT | |
| Title | Clinical nursing procedures: a basic textbook |
| 260 ## - PUBLICATION, DISTRIBUTION, ETC. | |
| Place of publication, distribution, etc. | Kathmandu: |
| Name of publisher, distributor, etc. | Samiksha publication, |
| Date of publication, distribution, etc. | 2077 B.S. |
| 300 ## - PHYSICAL DESCRIPTION | |
| Extent | 108p.:ill. |
| 650 ## - SUBJECT ADDED ENTRY--TOPICAL TERM | |
| Topical term or geographic name entry element | Nursing process |
| 650 ## - SUBJECT ADDED ENTRY--TOPICAL TERM | |
| Topical term or geographic name entry element | Nursing |
| 700 ## - ADDED ENTRY--PERSONAL NAME | |
| Personal name | Lawot, Isabel |
| 700 ## - ADDED ENTRY--PERSONAL NAME | |
| Personal name | Karmacharya, Ranjita |
| 942 ## - ADDED ENTRY ELEMENTS (KOHA) | |
| Source of classification or shelving scheme | Dewey Decimal Classification |
| Koha item type | ISBN |
| Withdrawn status | Lost status | Source of classification or shelving scheme | Damaged status | Not for loan | Home library | Current library | Date acquired | Total Checkouts | Full call number | Barcode | Date last seen | Price effective from | Koha item type |
|---|---|---|---|---|---|---|---|---|---|---|---|---|---|
| Dewey Decimal Classification | Tribhuvan University Central Library | Tribhuvan University Central Library | 05/31/2024 | 610.73/Sh23c | IS21325 | 05/31/2024 | 05/31/2024 | ISBN |
